[Event "1st 4NCL International U2050"]
[Site "Telford"]
[Date "2018.11.02"]
[Round "5"]
[White "Neatherway, A Philip"]
[Black "Ali, Golam S"]
[Result "1/2-1/2"]
[WhiteElo "1813"]
[BlackElo "1859"]
[Annotator "NA"]
[PlyCount "141"]
[EventDate "2018.10.31"]
[EventType "swiss"]
[EventCountry "GBR"]
[SourceTitle "playchess.com"]
[Source "ChessBase"]
[SourceQuality "1"]
[TimeControl "5400+30"]

1. e4 {[%emt 0:00:22]} c5 {[%emt 0:00:00]} 2. Nf3 {[%emt 0:00:26]} d6 {[%emt 0:00:00]} 3. d4 {[%emt 0:00:18]} cxd4 {[%emt 0:00:00]} 4. Nxd4 {[%emt 0:00:04]} Nf6 {[%emt 0:00:00]} 5. Nc3 {[%emt 0:00:04]} a6 {[%emt 0:00:00]} 6. Be2 {[%emt 0:01:11]} Nc6 {[%emt 0:00:09]} 7. Be3 {[%emt 0:00:31]} e6 {[%emt 0:00:12]} 8. Qd2 {[%emt 0:00:57]} Qc7 {[%emt 0:00:13]} 9. a4 {[%emt 0:02:58]} Nxd4 {[%emt 0:00:21]} 10. Bxd4 {[%emt 0:00:18]} Be7 {[%emt 0:00:10]} 11. O-O {[%emt 0:00:31]} Bd7 {[%emt 0:00:38]} 12. Qe3 {[%emt 0:05:22]} Bc6 {[%emt 0:02:57]} 13. Rad1 {[%emt 0:02:20]} O-O {[%emt 0:02:17]} 14. b4 {[%emt 0:09:28]} Rfe8 {[%emt 0:18:54]} 15. b5 {[%emt 0:04:47]} axb5 {[%emt 0:00:31]} 16. axb5 {[%emt 0:00:33]} Bd7 {[%emt 0:01:48]} 17. Bb6 {[%emt 0:08:06]} Qc8 {[%emt 0:00:53]} 18. Ra1 {[%emt 0:02:22]} h6 {[%emt 0:03:07]} 19. Rxa8 {[%emt 0:15:01]} Qxa8 {[%emt 0:00:08]} 20. Rd1 {[%emt 0:00:29]} d5 {[%emt 0:08:01]} 21. exd5 {[%emt 0:02:26]} exd5 {[%emt 0:01:30]} 22. Qg3 {[%emt 0:03:03]} Bf8 {[%emt 0:16:35]} 23. h3 {[%emt 0:09:12]} Qa3 {[%emt 0:02:55]} 24. Bd4 {[%emt 0:04:42]} Ne4 {[%emt 0:02:42]} 25. Nxe4 {[%emt 0:02:29]} Rxe4 {[%emt 0:01:24]} 26. Qxa3 {[%emt 0:01:15]} Bxa3 {[%emt 0:00:29]} 27. Bf3 {[%emt 0:00:29]} Re7 {[%emt 0:03:37]} 28. b6 {[%emt 0:08:10]} Ba4 {[%emt 0:02:28]} 29. Ra1 {[%emt 0:02:57]} Bd6 {[%emt 0:00:23]} 30. g3 {[%emt 0:00:10]} Bxc2 {[%emt 0:03:39]} 31. Ra8+ {[%emt 0:00:55]} Kh7 {[%emt 0:00:39]} 32. Bxd5 {[%emt 0:00:05]} Rd7 {[%emt 0:05:42]} 33. Ra5 {[%emt 0:05:49]} Bb4 {[%emt 0:02:44]} 34. Rb5 {[%emt 0:00:11]} Be1 {[%emt 0:02:42]} 35. Be3 {[%emt 0:07:13]} Bd3 {[%emt 0:01:23]} 36. Rc5 {[%emt 0:01:35]} Bb4 {[%emt 0:02:15]} 37. Bf3 {[%emt 0:00:06]} Bxc5 {[%emt 0:00:38]} 38. Bxc5 {[%emt 0:00:06]} f5 {[%emt 0:01:18]} 39. Kg2 {[%emt 0:00:50]} Be4 {[%emt 0:00:40]} 40. g4 {[%emt 0:00:40]} Rd3 {[%emt 0:05:09]} 41. Bxe4 {[%emt 0:00:33]} fxe4 {[%emt 0:00:25]} 42. Be3 {[%emt 0:00:35]} Kg6 {[%emt 0:01:58]} 43. Kg3 {[%emt 0:00:17]} Rb3 {[%emt 0:02:45]} 44. Kf4 {[%emt 0:00:19]} Rb4 {[%emt 0:00:22]} 45. h4 {[%emt 0:00:45]} Kf6 {[%emt 0:00:49]} 46. h5 {[%emt 0:00:20]} Ke6 {[%emt 0:01:14]} 47. g5 {[%emt 0:00:31]} hxg5+ {[%emt 0:02:04]} 48. Kxg5 {[%emt 0:00:04]} Rb1 {[%emt 0:00:36]} 49. Kf4 {[%emt 0:01:32]} Kd5 {[%emt 0:00:15]} 50. Kf5 {[%emt 0:00:12]} Rh1 {[%emt 0:00:27]} 51. Kg6 {[%emt 0:00:10]} Rg1+ {[%emt 0:00:16]} 52. Kf5 {[%emt 0:00:11]} Rg2 {[%emt 0:00:44]} 53. Kf4 {[%emt 0:00:26]} Rg1 {[%emt 0:00:49]} 54. Kf5 {[%emt 0:00:05]} Rh1 {[%emt 0:01:03]} 55. Kg6 {[%emt 0:00:05]} Kc4 {[%emt 0:00:35]} 56. Kxg7 {[%emt 0:00:41]} Rxh5 {[%emt 0:00:12]} 57. Kf6 {[%emt 0:00:45]} Kd3 {[%emt 0:00:36]} 58. Ke6 {[%emt 0:00:43]} Rh3 {[%emt 0:01:00]} 59. Bc5 {[%emt 0:00:40]} Rh6+ {[%emt 0:00:22]} 60. Kd7 {[%emt 0:00:40]} Rc6 {[%emt 0:00:11]} 61. Be3 {[%emt 0:00:10]} Kc4 {[%emt 0:00:10]} 62. Ke7 {[%emt 0:00:38]} Kb5 {[%emt 0:00:09]} 63. Kd7 {[%emt 0:00:09]} Ka6 {[%emt 0:00:43]} 64. Bd4 {[%emt 0:00:18]} Rxb6 {[%emt 0:00:24]} 65. Bxb6 {[%emt 0:00:07]} Kxb6 {[%emt 0:00:03]} 66. Kd6 {[%emt 0:00:04]} Ka5 {[%emt 0:01:27]} 67. Kd5 {[%emt 0:00:13]} b5 {[%emt 0:00:27]} 68. Kxe4 {[%emt 0:00:45]} b4 {[%emt 0:00:12]} 69. Kd3 {[%emt 0:00:10]} Kb5 {[%emt 0:02:41]} 70. f4 {[%emt 0:01:31]} Kc6 {[%emt 0:00:49]} 71. Kc4 {[%emt 0:00:49]} 1/2-1/2

[Event "1st 4NCL International U2050"]
[Site "Telford"]
[Date "2018.11.02"]
[Round "5"]
[White "Gogia, Armaan"]
[Black "Whitehead, Mark A"]
[Result "1/2-1/2"]
[WhiteElo "1808"]
[BlackElo "1945"]
[Annotator "NA"]
[PlyCount "53"]
[EventDate "2018.10.31"]
[EventType "swiss"]
[EventCountry "GBR"]
[SourceTitle "playchess.com"]
[Source "ChessBase"]
[SourceQuality "1"]
[TimeControl "5400+30"]

1. e4 {[%emt 0:01:36]} c5 {[%emt 0:00:00]} 2. Nf3 {[%emt 0:00:14]} e6 {[%emt 0:00:00]} 3. d4 {[%emt 0:00:07]} cxd4 {[%emt 0:00:03]} 4. Nxd4 {[%emt 0:00:05]} a6 {[%emt 0:00:08]} 5. Bd3 {[%emt 0:00:04]} Bc5 {[%emt 0:00:08]} 6. Nb3 {[%emt 0:00:09]} Ba7 {[%emt 0:00:24]} 7. O-O {[%emt 0:01:46]} Ne7 {[%emt 0:00:55]} 8. Qe2 {[%emt 0:02:37]} O-O {[%emt 0:00:54]} 9. c4 {[%emt 0:01:50]} d6 {[%emt 0:04:39]} 10. Nc3 {[%emt 0:02:03]} Nbc6 {[%emt 0:01:25]} 11. Be3 {[%emt 0:01:56]} e5 {[%emt 0:01:15]} 12. Bxa7 {[%emt 0:01:35]} Rxa7 {[%emt 0:00:08]} 13. Rfd1 {[%emt 0:02:28]} Ng6 {[%emt 0:00:58]} 14. Nd5 {[%emt 0:03:38]} Qg5 {[%emt 0:02:42]} 15. Qd2 {[%emt 0:05:11]} Qxd2 {[%emt 0:07:29]} 16. Rxd2 {[%emt 0:00:21]} Be6 {[%emt 0:00:20]} 17. Be2 {[%emt 0:01:16]} a5 {[%emt 0:02:46]} 18. Rad1 {[%emt 0:03:19]} a4 {[%emt 0:03:05]} 19. Na1 {[%emt 0:01:27]} Bxd5 {[%emt 0:02:38]} 20. cxd5 {[%emt 0:01:49]} Nd4 {[%emt 0:00:33]} 21. Nc2 {[%emt 0:00:26]} Nxe2+ {[%emt 0:01:33]} 22. Rxe2 {[%emt 0:00:07]} Rc8 {[%emt 0:00:10]} 23. g3 {[%emt 0:00:22]} Ra5 {[%emt 0:02:11]} 24. Rdd2 {[%emt 0:02:01]} Rac5 {[%emt 0:00:41]} 25. Ne3 {[%emt 0:02:16]} Ne7 {[%emt 0:00:13]} 26. Rc2 {[%emt 0:00:19]} Kf8 {[%emt 0:02:23]} 27. Kf1 {[%emt 0:00:28]} 1/2-1/2

[Event "1st 4NCL International U2050"]
[Site "Telford"]
[Date "2018.11.02"]
[Round "5"]
[White "Ward, Andrew"]
[Black "Hughes, Peter"]
[Result "1/2-1/2"]
[WhiteElo "1790"]
[BlackElo "1874"]
[Annotator "NA"]
[PlyCount "47"]
[EventDate "2018.10.31"]
[EventType "swiss"]
[EventCountry "GBR"]
[SourceTitle "playchess.com"]
[Source "ChessBase"]
[SourceQuality "1"]
[TimeControl "5400+30"]

1. d4 {[%emt 0:00:00]} f5 {[%emt 0:00:00]} 2. Bg5 {[%emt 0:00:00]} h6 {[%emt 0:00:00]} 3. Bh4 {[%emt 0:00:00]} g5 {[%emt 0:00:10]} 4. e4 {[%emt 0:00:00]} Nf6 {[%emt 0:00:15]} 5. e5 {[%emt 0:00:00]} e6 {[%emt 0:00:10]} 6. Bg3 {[%emt 0:00:06]} f4 {[%emt 0:05:37]} 7. Bd3 {[%emt 0:00:06]} Rg8 {[%emt 0:01:39]} 8. exf6 {[%emt 0:00:36]} Qxf6 {[%emt 0:03:14]} 9. Qh5+ {[%emt 0:00:11]} Qf7 {[%emt 0:04:08]} 10. Qxf7+ {[%emt 0:00:25]} Kxf7 {[%emt 0:00:05]} 11. Nf3 {[%emt 0:00:09]} d6 {[%emt 0:03:58]} 12. O-O {[%emt 0:03:14]} Bd7 {[%emt 0:07:08]} 13. Nbd2 {[%emt 0:04:35]} Be7 {[%emt 0:02:43]} 14. Nb3 {[%emt 0:02:05]} Nc6 {[%emt 0:05:52]} 15. c3 {[%emt 0:00:19]} Raf8 {[%emt 0:01:28]} 16. Rae1 {[%emt 0:03:03]} fxg3 {[%emt 0:05:12]} 17. fxg3 {[%emt 0:00:09]} Kg7 {[%emt 0:01:28]} 18. Bc4 {[%emt 0:01:45]} Nd8 {[%emt 0:02:56]} 19. g4 {[%emt 0:04:12]} Rf4 {[%emt 0:05:28]} 20. h3 {[%emt 0:02:33]} Rgf8 {[%emt 0:03:15]} 21. Nc1 {[%emt 0:00:30]} R4f7 {[%emt 0:06:18]} 22. Ne2 {[%emt 0:05:08]} d5 {[%emt 0:04:26]} 23. Bd3 {[%emt 0:00:16]} Bd6 {[%emt 0:00:50]} 24. b4 {[%emt 0:03:47]} 1/2-1/2

[Event "1st 4NCL International U2050"]
[Site "Telford"]
[Date "2018.11.02"]
[Round "5"]
[White "Gorgun, Aliriza Atif"]
[Black "Pert, Max"]
[Result "0-1"]
[WhiteElo "1739"]
[BlackElo "1393"]
[Annotator "NA"]
[PlyCount "48"]
[EventDate "2018.10.31"]
[EventType "swiss"]
[EventCountry "GBR"]
[SourceTitle "playchess.com"]
[Source "ChessBase"]
[SourceQuality "1"]
[TimeControl "5400+30"]

1. e4 c6 2. Nf3 d5 3. exd5 {[%emt 0:01:00]} cxd5 {[%emt 0:01:00]} 4. Bb5+ {[%emt 0:00:30]} Bd7 {[%emt 0:00:30]} 5. Bxd7+ {[%emt 0:00:30]} Nxd7 {[%emt 0:00:30]} 6. O-O {[%emt 0:00:30]} Ngf6 {[%emt 0:00:30]} 7. c3 {[%emt 0:00:30]} e5 {[%emt 0:00:30]} 8. Qa4 {[%emt 0:00:30]} Bd6 {[%emt 0:00:30]} 9. d4 {[%emt 0:00:30]} e4 {[%emt 0:00:30]} 10. Ne5 {[%emt 0:00:30]} Qc7 {[%emt 0:00:30]} 11. f4 {[%emt 0:00:30]} O-O {[%emt 0:00:30]} 12. Nxd7 {[%emt 0:00:30]} Nxd7 {[%emt 0:00:30]} 13. Qd1 {[%emt 0:00:30]} Rfe8 {[%emt 0:00:30]} 14. f5 {[%emt 0:00:30]} Bxh2+ {[%emt 0:00:30]} 15. Kf2 {[%emt 0:00:30]} Qg3+ {[%emt 0:00:30]} 16. Ke2 {[%emt 0:00:30]} Qxg2+ {[%emt 0:00:30]} 17. Rf2 {[%emt 0:00:30]} Qg4+ {[%emt 0:00:30]} 18. Ke1 {[%emt 0:00:30]} Qh4 {[%emt 0:00:30]} 19. Kf1 {[%emt 0:00:30]} e3 {[%emt 0:00:30]} 20. Rg2 {[%emt 0:00:30]} Qh3 {[%emt 0:00:30]} 21. Qc2 {[%emt 0:00:30]} e2+ {[%emt 0:00:30]} 22. Ke1 {[%emt 0:00:30]} Bg3+ {[%emt 0:00:30]} 23. Rf2 {[%emt 0:00:30]} Bxf2+ {[%emt 0:00:30]} 24. Kxf2 {[%emt 0:00:30]} e1=Q# {[%emt 0:00:30]} 0-1

[Event "1st 4NCL International U2050"]
[Site "Telford"]
[Date "2018.11.02"]
[Round "5"]
[White "Gorgun, Aliriza Atif"]
[Black "Ansari, Athar"]
[Result "1/2-1/2"]
[WhiteElo "1739"]
[BlackElo "1898"]
[Annotator "NA"]
[PlyCount "130"]
[EventDate "2018.10.31"]
[EventType "swiss"]
[EventCountry "GBR"]
[SourceTitle "playchess.com"]
[Source "ChessBase"]
[SourceQuality "1"]
[TimeControl "5400+30"]

1. e4 {[%emt 0:00:00]} d5 {[%emt 0:00:00]} 2. exd5 {[%emt 0:00:00]} Qxd5 {[%emt 0:00:00]} 3. Nc3 {[%emt 0:00:00]} Qa5 {[%emt 0:00:07]} 4. d4 {[%emt 0:00:09]} Nf6 {[%emt 0:00:17]} 5. Bd2 {[%emt 0:00:29]} c6 {[%emt 0:02:49]} 6. Bc4 {[%emt 0:00:58]} Bf5 {[%emt 0:01:30]} 7. Nd5 {[%emt 0:02:56]} Qd8 {[%emt 0:00:12]} 8. Nxf6+ {[%emt 0:00:20]} gxf6 {[%emt 0:00:51]} 9. c3 {[%emt 0:10:20]} e6 {[%emt 0:01:17]} 10. Ne2 {[%emt 0:01:36]} Qb6 {[%emt 0:01:03]} 11. Ng3 {[%emt 0:03:59]} Bg6 {[%emt 0:00:27]} 12. Qe2 {[%emt 0:04:24]} Nd7 {[%emt 0:01:53]} 13. O-O {[%emt 0:04:31]} O-O-O {[%emt 0:00:10]} 14. Be3 {[%emt 0:01:17]} Qc7 {[%emt 0:01:30]} 15. f4 {[%emt 0:07:09]} Bd6 {[%emt 0:00:08]} 16. b4 {[%emt 0:01:12]} h5 {[%emt 0:00:31]} 17. Qf3 {[%emt 0:01:31]} f5 {[%emt 0:03:37]} 18. b5 {[%emt 0:01:34]} h4 {[%emt 0:01:16]} 19. Ne2 {[%emt 0:00:20]} Bh5 {[%emt 0:01:49]} 20. Qf2 {[%emt 0:00:05]} Nf6 {[%emt 0:00:32]} 21. bxc6 {[%emt 0:00:54]} Qxc6 {[%emt 0:00:15]} 22. Bd3 {[%emt 0:03:47]} h3 {[%emt 0:01:26]} 23. Bd2 {[%emt 0:06:27]} Bxe2 {[%emt 0:03:24]} 24. Qxe2 {[%emt 0:01:47]} hxg2 {[%emt 0:00:08]} 25. Rf3 {[%emt 0:00:35]} Rdg8 {[%emt 0:01:43]} 26. c4 {[%emt 0:05:02]} Rh4 {[%emt 0:01:06]} 27. c5 {[%emt 0:03:00]} Bc7 {[%emt 0:00:31]} 28. Bb5 {[%emt 0:00:38]} Qe4 {[%emt 0:00:27]} 29. Qxe4 {[%emt 0:03:11]} Nxe4 {[%emt 0:00:49]} 30. Rd1 {[%emt 0:03:48]} Nxd2 {[%emt 0:03:03]} 31. Rxd2 {[%emt 0:00:09]} Bxf4 {[%emt 0:00:26]} 32. Rxg2 {[%emt 0:00:24]} Rxg2+ {[%emt 0:00:24]} 33. Kxg2 {[%emt 0:00:05]} Rxh2+ {[%emt 0:01:00]} 34. Kg1 {[%emt 0:00:02]} Rb2 {[%emt 0:00:37]} 35. Be8 {[%emt 0:00:09]} Bh2+ {[%emt 0:00:43]} 36. Kh1 {[%emt 0:02:26]} f6 {[%emt 0:00:10]} 37. Bf7 {[%emt 0:01:32]} Kd7 {[%emt 0:00:06]} 38. Re3 {[%emt 0:00:43]} e5 {[%emt 0:00:07]} 39. d5 {[%emt 0:00:30]} Ke7 {[%emt 0:00:37]} 40. Be6 {[%emt 0:00:34]} Bf4 {[%emt 0:05:55]} 41. Rh3 {[%emt 0:00:26]} Rb1+ {[%emt 0:00:21]} 42. Kg2 {[%emt 0:00:06]} Rb2+ {[%emt 0:00:10]} 43. Kh1 {[%emt 0:00:05]} e4 {[%emt 0:02:06]} 44. Rh7+ {[%emt 0:00:11]} Kf8 {[%emt 0:00:39]} 45. d6 {[%emt 0:02:54]} Rd2 {[%emt 0:00:25]} 46. d7 {[%emt 0:05:00]} e3 {[%emt 0:05:12]} 47. Rf7+ {[%emt 0:00:10]} Kg8 {[%emt 0:00:07]} 48. Re7+ {[%emt 0:00:23]} Kf8 {[%emt 0:00:51]} 49. Re8+ {[%emt 0:00:38]} Kg7 {[%emt 0:00:03]} 50. Bxf5 {[%emt 0:00:14]} Be5 {[%emt 0:02:02]} 51. Bg4 {[%emt 0:00:51]} e2 {[%emt 0:00:42]} 52. Bxe2 {[%emt 0:00:13]} Rxd7 {[%emt 0:00:08]} 53. Ra8 {[%emt 0:02:53]} a6 {[%emt 0:00:07]} 54. Ra7 {[%emt 0:04:03]} Bb8 {[%emt 0:00:58]} 55. c6 {[%emt 0:00:50]} Bxa7 {[%emt 0:01:01]} 56. cxd7 {[%emt 0:00:04]} Bb6 {[%emt 0:00:11]} 57. Bf3 {[%emt 0:00:04]} Kg6 {[%emt 0:01:10]} 58. Bxb7 {[%emt 0:00:09]} a5 {[%emt 0:00:08]} 59. a4 {[%emt 0:00:05]} Kf5 {[%emt 0:00:21]} 60. Kg2 {[%emt 0:00:11]} Kf4 {[%emt 0:00:15]} 61. Bc6 {[%emt 0:00:44]} f5 {[%emt 0:00:09]} 62. Bb7 {[%emt 0:00:27]} Ke3 {[%emt 0:00:04]} 63. Bc6 {[%emt 0:00:37]} Kd4 {[%emt 0:00:42]} 64. Kf3 {[%emt 0:00:08]} Ke5 {[%emt 0:00:56]} 65. Bb5 {[%emt 0:00:36]} f4 {[%emt 0:00:26]} 1/2-1/2

[Event "1st 4NCL International U2050"]
[Site "Telford"]
[Date "2018.11.02"]
[Round "5"]
[White "Wiltshir, Rich"]
[Black "Wilson, Matthew R"]
[Result "1/2-1/2"]
[WhiteElo "1673"]
[BlackElo "1820"]
[Annotator "NA"]
[PlyCount "76"]
[EventDate "2018.10.31"]
[EventType "swiss"]
[EventCountry "GBR"]
[SourceTitle "playchess.com"]
[Source "ChessBase"]
[SourceQuality "1"]
[TimeControl "5400+30"]

1. b4 {[%emt 0:00:00]} Nf6 {[%emt 0:00:35]} 2. Bb2 {[%emt 0:00:31]} e6 {[%emt 0:00:12]} 3. a3 {[%emt 0:00:14]} Be7 {[%emt 0:02:22]} 4. Nf3 {[%emt 0:00:31]} O-O {[%emt 0:00:18]} 5. g3 {[%emt 0:00:35]} b6 {[%emt 0:00:11]} 6. Bg2 {[%emt 0:00:15]} Bb7 {[%emt 0:00:05]} 7. O-O {[%emt 0:00:23]} d5 {[%emt 0:00:30]} 8. d3 {[%emt 0:00:26]} Nbd7 {[%emt 0:00:58]} 9. Nbd2 {[%emt 0:00:30]} c5 {[%emt 0:01:22]} 10. Rb1 {[%emt 0:03:16]} Qc7 {[%emt 0:02:09]} 11. bxc5 {[%emt 0:01:46]} bxc5 {[%emt 0:05:03]} 12. Ne5 {[%emt 0:04:27]} Rab8 {[%emt 0:06:58]} 13. Nxd7 {[%emt 0:03:16]} Nxd7 {[%emt 0:01:40]} 14. c4 {[%emt 0:01:04]} d4 {[%emt 0:06:31]} 15. Bxb7 {[%emt 0:01:42]} Rxb7 {[%emt 0:00:11]} 16. a4 {[%emt 0:06:15]} h5 {[%emt 0:09:14]} 17. Ba3 {[%emt 0:02:05]} Rxb1 {[%emt 0:02:25]} 18. Qxb1 {[%emt 0:05:34]} h4 {[%emt 0:07:26]} 19. Nf3 {[%emt 0:02:48]} Rb8 {[%emt 0:04:21]} 20. Qa1 {[%emt 0:02:54]} Ne5 {[%emt 0:04:52]} 21. Rb1 {[%emt 0:04:10]} Nxf3+ {[%emt 0:09:19]} 22. exf3 {[%emt 0:00:50]} Rxb1+ {[%emt 0:02:37]} 23. Qxb1 {[%emt 0:00:21]} h3 {[%emt 0:02:28]} 24. Qb5 {[%emt 0:03:16]} Qe5 {[%emt 0:03:00]} 25. Kf1 {[%emt 0:02:46]} Qc7 {[%emt 0:10:36]} 26. Bc1 {[%emt 0:08:22]} Qc8 {[%emt 0:04:04]} 27. Bf4 {[%emt 0:01:52]} Kh7 {[%emt 0:00:40]} 28. Qb8 {[%emt 0:02:17]} Qc6 {[%emt 0:01:28]} 29. Qxa7 {[%emt 0:00:56]} Qxf3 {[%emt 0:01:02]} 30. Ke1 {[%emt 0:00:16]} Bd8 {[%emt 0:04:02]} 31. Qxc5 {[%emt 0:04:09]} Qxd3 {[%emt 0:00:13]} 32. Qh5+ {[%emt 0:01:06]} Kg8 {[%emt 0:00:06]} 33. Qb5 {[%emt 0:00:15]} Qe4+ {[%emt 0:03:50]} 34. Kd2 {[%emt 0:01:00]} Kh7 {[%emt 0:03:11]} 35. Qh5+ {[%emt 0:02:08]} Kg8 {[%emt 0:00:01]} 36. Qb5 {[%emt 0:00:24]} Kh7 {[%emt 0:01:04]} 37. Qh5+ {[%emt 0:03:55]} Kg8 {[%emt 0:00:03]} 38. Qb5 {[%emt 0:00:17]} Qf5 {[%emt 0:01:55]} 1/2-1/2

[Event "1st 4NCL International U2050"]
[Site "Telford"]
[Date "2018.11.02"]
[Round "5"]
[White "Stubbs, Oliver"]
[Black "Wynarczyk, Raymond"]
[Result "1-0"]
[WhiteElo "1672"]
[BlackElo "1908"]
[Annotator "NA"]
[PlyCount "79"]
[EventDate "2018.10.31"]
[EventType "swiss"]
[EventCountry "GBR"]
[SourceTitle "playchess.com"]
[Source "ChessBase"]
[SourceQuality "1"]
[TimeControl "5400+30"]

1. d4 {[%emt 0:00:09]} d5 {[%emt 0:00:00]} 2. Bf4 {[%emt 0:00:07]} Bf5 {[%emt 0:00:00]} 3. e3 {[%emt 0:00:09]} e6 {[%emt 0:00:18]} 4. c4 {[%emt 0:00:37]} Bxb1 {[%emt 0:01:00]} 5. Qxb1 {[%emt 0:00:12]} Bb4+ {[%emt 0:00:15]} 6. Kd1 {[%emt 0:00:04]} Bd6 {[%emt 0:03:34]} 7. Bg3 {[%emt 0:03:47]} Nf6 {[%emt 0:00:38]} 8. Nf3 {[%emt 0:03:45]} Ne4 {[%emt 0:02:37]} 9. Qc2 {[%emt 0:03:21]} O-O {[%emt 0:02:30]} 10. Bd3 {[%emt 0:00:21]} f5 {[%emt 0:01:21]} 11. Ke2 {[%emt 0:12:51]} Nc6 {[%emt 0:01:41]} 12. a3 {[%emt 0:03:45]} Be7 {[%emt 0:09:31]} 13. cxd5 {[%emt 0:04:16]} exd5 {[%emt 0:01:53]} 14. Bb5 {[%emt 0:01:17]} Nxg3+ {[%emt 0:05:40]} 15. hxg3 {[%emt 0:00:16]} Qd6 {[%emt 0:03:00]} 16. Rac1 {[%emt 0:09:08]} Rf6 {[%emt 0:07:16]} 17. Bxc6 {[%emt 0:01:01]} Qxc6 {[%emt 0:00:45]} 18. Qxc6 {[%emt 0:00:10]} Rxc6 {[%emt 0:01:01]} 19. Rxc6 {[%emt 0:00:03]} bxc6 {[%emt 0:00:16]} 20. Rc1 {[%emt 0:00:24]} Rb8 {[%emt 0:03:13]} 21. b4 {[%emt 0:00:47]} a5 {[%emt 0:00:26]} 22. Ne5 {[%emt 0:00:36]} axb4 {[%emt 0:01:59]} 23. Nxc6 {[%emt 0:00:25]} Re8 {[%emt 0:00:55]} 24. Nxe7+ {[%emt 0:00:16]} Rxe7 {[%emt 0:00:12]} 25. axb4 {[%emt 0:00:02]} Kf7 {[%emt 0:05:06]} 26. Rc6 {[%emt 0:01:06]} Ke8 {[%emt 0:00:55]} 27. Rc5 {[%emt 0:04:54]} Rd7 {[%emt 0:00:38]} 28. Kf3 {[%emt 0:00:22]} Ke7 {[%emt 0:02:02]} 29. Rc6 {[%emt 0:00:09]} Kd8 {[%emt 0:02:50]} 30. Kf4 {[%emt 0:00:09]} Re7 {[%emt 0:02:53]} 31. Rc5 {[%emt 0:00:52]} Rd7 {[%emt 0:08:46]} 32. Ke5 {[%emt 0:00:16]} c6 {[%emt 0:00:57]} 33. Rxc6 {[%emt 0:00:08]} Rb7 {[%emt 0:00:07]} 34. Rd6+ {[%emt 0:00:15]} Ke7 {[%emt 0:00:57]} 35. Rxd5 {[%emt 0:00:21]} Rxb4 {[%emt 0:00:37]} 36. Kxf5 {[%emt 0:01:05]} Rb2 {[%emt 0:02:21]} 37. f3 {[%emt 0:00:15]} Rxg2 {[%emt 0:00:16]} 38. g4 {[%emt 0:00:02]} Rg3 {[%emt 0:01:49]} 39. Kf4 {[%emt 0:00:04]} Rh3 {[%emt 0:00:27]} 40. Rh5 {[%emt 0:00:04]} 1-0

[Event "1st 4NCL International U2050"]
[Site "Telford"]
[Date "2018.11.02"]
[Round "5"]
[White "Burgoyne, Peter A"]
[Black "Gostelow, David W"]
[Result "1/2-1/2"]
[WhiteElo "1665"]
[BlackElo "1892"]
[Annotator "NA"]
[PlyCount "81"]
[EventDate "2018.10.31"]
[EventType "swiss"]
[EventCountry "GBR"]
[SourceTitle "playchess.com"]
[Source "ChessBase"]
[SourceQuality "1"]
[TimeControl "5400+30"]

1. e4 {[%emt 0:00:00]} c5 {[%emt 0:00:00]} 2. c3 {[%emt 0:00:00]} d5 {[%emt 0:00:00]} 3. exd5 {[%emt 0:00:01]} Nf6 {[%emt 0:00:00]} 4. Nf3 {[%emt 0:01:24]} Nxd5 {[%emt 0:00:31]} 5. Bc4 {[%emt 0:01:20]} e6 {[%emt 0:02:18]} 6. O-O {[%emt 0:01:01]} Be7 {[%emt 0:02:33]} 7. d4 {[%emt 0:00:39]} O-O {[%emt 0:05:47]} 8. Nbd2 {[%emt 0:05:13]} Nc6 {[%emt 0:02:28]} 9. Nb3 {[%emt 0:02:07]} b6 {[%emt 0:06:44]} 10. Re1 {[%emt 0:03:36]} cxd4 {[%emt 0:04:09]} 11. Nbxd4 {[%emt 0:01:38]} Nxd4 {[%emt 0:01:50]} 12. Nxd4 {[%emt 0:01:35]} Bb7 {[%emt 0:00:34]} 13. Qe2 {[%emt 0:04:21]} Rc8 {[%emt 0:04:05]} 14. Bd3 {[%emt 0:04:17]} Qd6 {[%emt 0:09:30]} 15. Qe4 {[%emt 0:11:23]} g6 {[%emt 0:00:27]} 16. Bh6 {[%emt 0:07:07]} Rfd8 {[%emt 0:00:14]} 17. Qe2 {[%emt 0:11:47]} Bf8 {[%emt 0:09:10]} 18. Bg5 {[%emt 0:03:30]} Nf4 {[%emt 0:02:19]} 19. Bxf4 {[%emt 0:04:16]} Qxf4 {[%emt 0:00:14]} 20. Rad1 {[%emt 0:02:46]} Bg7 {[%emt 0:08:33]} 21. Qe3 {[%emt 0:05:01]} Qg4 {[%emt 0:02:07]} 22. Bf1 {[%emt 0:08:44]} Bxd4 {[%emt 0:03:52]} 23. cxd4 {[%emt 0:04:37]} Rc2 {[%emt 0:02:49]} 24. Re2 {[%emt 0:05:17]} Rxe2 {[%emt 0:10:29]} 25. Qxe2 {[%emt 0:00:23]} Rxd4 {[%emt 0:00:34]} 26. Qxg4 {[%emt 0:01:37]} Rxg4 {[%emt 0:00:02]} 27. Rd7 {[%emt 0:00:14]} Bd5 {[%emt 0:00:15]} 28. Rxa7 {[%emt 0:00:14]} Rd4 {[%emt 0:00:30]} 29. b3 {[%emt 0:03:41]} Rd1 {[%emt 0:02:32]} 30. f3 {[%emt 0:00:21]} Ra1 {[%emt 0:03:09]} 31. Ra3 {[%emt 0:01:29]} Kg7 {[%emt 0:08:19]} 32. Kf2 {[%emt 0:00:09]} Rc1 {[%emt 0:00:16]} 33. Bd3 {[%emt 0:00:30]} Rd1 {[%emt 0:00:52]} 34. Be4 {[%emt 0:01:06]} Rd2+ {[%emt 0:01:38]} 35. Kg3 {[%emt 0:00:41]} Bxe4 {[%emt 0:00:25]} 36. fxe4 {[%emt 0:00:06]} Kf6 {[%emt 0:00:27]} 37. Ra4 {[%emt 0:00:56]} h5 {[%emt 0:01:03]} 38. Kf3 {[%emt 0:00:39]} g5 {[%emt 0:00:50]} 39. h3 {[%emt 0:00:20]} Rc2 {[%emt 0:01:50]} 40. Rb4 {[%emt 0:01:40]} Rc3+ {[%emt 0:01:04]} 41. Kf2 {[%emt 0:00:13]} 1/2-1/2